000 01312cam a2200145 4500500
005 20260329023223.0
041 _afre
042 _adc
100 1 0 _aTessier, Max
_eauthor
700 1 0 _aMonvoisin, Frédéric
_eauthor
245 0 0 _aLe cinéma japonais - 3e éd.
260 _bArmand Colin,
_c2018.
520 _aLe cinéma japonais reste dans son ensemble mal compris ou ignoré du grand public, en dehors des auteurs dûment consacrés comme Kurosawa, Mizoguchi, Ozu, Imamura, Oshima, grands arbres qui cachent une forêt touffue.Cet ouvrage parcourt 120  ans de créations en tissant les liens entre les générations de cinéastes successives, du muet aux films les plus récents, sans oublier l’anime qui a su conquérir les écrans du monde entier. Dans une perspective historique, sociale et esthétique, il  propose une synthèse propre aux découvertes et fournit des repères essentiels pour comprendre le cinéma polymorphe d’un pays complexe qui fascine depuis toujours l’Occident.Enrichie d’illustrations, cette 3e  édition actualisée évoque notamment les résonances du traumatisme post-tsunami de Fukushima dans les dernières œuvres de fiction ou documentaires.
856 4 1 _uhttps://shs.cairn.info/le-cinema-japonais--9782200271589?lang=fr&redirect-ssocas=7080
999 _c1925586
_d1925586